| 000 | 00805cab a2200205 4500 | ||
|---|---|---|---|
| 001 | WB3445-50 | ||
| 008 | 090401t1998 xxu||||| |||| 00| 0 eng d | ||
| 035 | _a(Sirsi) u89903 | ||
| 041 | _aeng | ||
| 245 | _aManchester airport eyes rivals | ||
| 260 | _c1998 | ||
| 350 | _a0 | ||
| 490 |
_aObserver _v22 November 1998, B1&B5 (3) |
||
| 520 | _aManchester Airport is intending to buy or create alliances with airports in Newcastle, Liverpool and Leeds in an attempt to create a `northern system` of air services. The airport has already put in a bid to buy Humberside Airport and is hoping to overtake Gatwick as the UK`s second largest airport. Graphs. | ||
| 650 | _aMANCHESTER AIRPORT | ||
| 650 | _aREGIONAL AIRPORTS | ||
| 690 | _aTRANSPORT AND COMMUNICATIONS | ||
| 942 | _n0 | ||
| 948 | _c24/11/1998 | ||
| 999 |
_c56920 _d56920 |
||